Periodontology: colour guide (Record no. 32353)
[ view plain ]
| 000 -LEADER | |
|---|---|
| fixed length control field | 00637nam a2200157 a 4500 |
| 008 - FIXED-LENGTH DATA ELEMENTS--GENERAL INFORMATION | |
| fixed length control field | 130520s1997 ||||||||||||||||| || u |
| 020 ## - INTERNATIONAL STANDARD BOOK NUMBER | |
| International Standard Book Number | 9780443057052 |
| 050 ## - LIBRARY OF CONGRESS CALL NUMBER | |
| Classification number | RK 361 HEA |
| 100 ## - MAIN ENTRY--PERSONAL NAME | |
| Personal name | Heasman, Peter |
| 245 10 - TITLE STATEMENT | |
| Title | Periodontology: colour guide |
| Statement of responsibility, etc. | by Peter Heasman; Philip Preshaw and David Smith |
| 260 ## - PUBLICATION, DISTRIBUTION, ETC. | |
| Place of publication, distribution, etc. | Edinburgh: |
| Name of publisher, distributor, etc. | Churchill Livingstone/Elsevier |
| Date of publication, distribution, etc. | 1997 |
| 300 ## - PHYSICAL DESCRIPTION | |
| Extent | v, 138p.: ill. |
| 500 ## - GENERAL NOTE | |
| General note | SCHOOL OF MEDICINE |
| 650 ## - SUBJECT ADDED ENTRY--TOPICAL TERM | |
| Topical term or geographic name entry element | PERIODONTICS |
| 995 ## - | |
| -- | MICHAEL CHILUFYA SATA OPEN ACCESS |
| -- | 902062 |
| -- | CBU-SCHOOL OF MEDICINE LIBRARY (Ndola) |
| -- | RK 361 HEA |
| -- | 1 |
| -- | AVAILABLE |
| -- | May 21, 2013 |
| -- | 902062 |
| -- | Medical Library Open Access Collection |
| 999 ## - | |
| -- | 32353 |
| -- | 32353 |
| Withdrawn status | Lost status | Source of classification or shelving scheme | Damaged status | Not for loan | Permanent Location | Current Location | Shelving location | Date acquired | Total Checkouts | Full call number | Barcode | Date last seen | Date last checked out | Price effective from | Koha item type |
|---|---|---|---|---|---|---|---|---|---|---|---|---|---|---|---|
| CBU-SCHOOL OF MEDICINE LIBRARY, NDOLA. | CBU-SCHOOL OF MEDICINE LIBRARY, NDOLA. | 11/30/2022 | 2 | RK 361 HEA | 902062 | 06/18/2025 | 06/13/2025 | 11/30/2022 | MONOGRAPH |